00800 2200265 4500001002100000005001700021008004100038020002200079035002500101040001200126082001100138090001800149100002000167245011600187250000900303260002700312300003700339500002700376650003800403700002700441850001200468990001800480990001800498990001800516YOGYA-0209000007312520150515142416.0 ind  a978-979-29-0231-0 a0010-020900000073125 aYOPDYOG a006.68 a006.68bMul M aMULYANTA, Edi S aMenjadi desainer lay out andal menggunakan Adobe In Desain CS3c/ Edi S Mulyanta; editor, Agnes Heni Triyuliana aEd.1 aYogyakartabAndic2007 axiv, 233 hlm. :bilus. ;c23 cm. aBibliografi : hlm. 233 aAdobe Indesign (Program komputer) aTriyuliana, Agnes Heni aYOPDYOG a44284-PD/B.08 a44285-PD/B.08 a44286-PD/B.08